00000000nam 2200000zi 4500
0019.946296
003CaOODSP
00520251031142449
006m     o  d f      
007cr cn|||||||||
008241218t20252025oncabdo ob   f000 0 eng d
020 |a9780660749907
040 |aCaOODSP|beng|erda|cCaOODSP
043 |an-cn-nu
0861 |aM183-2/9232E-PDF
1001 |aMatterson, T. W., |eauthor.
24510|aMicro- to nano-scale analyses for understanding gold paragenesis in metamorphosed banded iron formations north of Rankin Inlet, Nunavut / |cT.W. Matterson, D.C. Petts, D. Regis, D.E. Moser and J. Czas.
264 1|aOttawa, Ontario : |bGeological Survey of Canada, |c2025.
264 4|c©2025
300 |a1 online resource (1 unnumbered page) : |billustrations, maps, graphs, photographs.
336 |atext|btxt|2rdacontent
337 |acomputer|bc|2rdamedia
338 |aonline resource|bcr|2rdacarrier
4901 |aOpen file, |x2816-7155 ; |v9232
500 |aCaption title.
504 |aIncludes bibliographical references.
520 |a"The geology surrounding the Meliadine and Meadowbank gold mines, north of Rankin Inlet, NU has been mapped extensively, but the area northeast of Meliadine has not been studied in great detail, and there is little known about precious metal deportment and mobility in potential ore-bearing units such as Banded Iron Formation (BIF). Here we present our first results analysing precious metal deportment (e.g. Au and Ag) using micro-XRF and LA-ICP-MS in BIF samples collected during GSC-UWO regional mapping (GEM-GeoNorth) east of Meliadine in Summer 2023. This information will be useful in determining variations in precious metal mineralization, including metals associated with critical minerals, within this region and developing a stronger understanding of the evolution of BIF"--Background, page [1].
650 0|aMetamorphism (Geology)|zNunavut|zRankin Inlet (Inlet)
650 0|aGold mines and mining|zNunavut|zRankin Inlet (Inlet)
650 6|aMétamorphisme (Géologie)|zNunavut|zRankin, Goulet de.
650 6|aOr|xMines et extraction|zNunavut|zRankin, Goulet de.
7102 |aGeological Survey of Canada, |eissuing body.
830#0|aOpen file (Geological Survey of Canada)|x2816-7155 ; |v9232.|w(CaOODSP)9.506878
85640|qPDF|s46.8 MB|uhttps://publications.gc.ca/collections/collection_2025/rncan-nrcan/m183-2/M183-2-9232-eng.pdf
85640|qHTML|sN/A|uhttps://doi.org/10.4095/pn7ecvcxeg